000 00612nam a2200217 4500
003 OSt
005 20240624003444.0
006 a
008 240624b |||||||| |||| 00| 0 eng d
020 _a9780071317580
040 _aDWCL-Main lib.
_cOC
082 _2Eleventh edition
_aCirc. 570 M181b 2013
100 _aWindelspecht, Michael
245 _aBiology /
250 _aEleventh edition
260 _aN.Y. :
_bMcGraw-Hill,
_cc2013.
300 _axix,
_b(various paging) : col. ill. ;
_c28 cm.
504 _aIncludes index.
650 _a1. Biology.
942 _2ddc
_n0
_cBK-CIRC
_eEleventh edition
_kCirc.
999 _c1157
_d1157